[Event "Ruhrgebiet Verbandsliga Gruppe 1 1819"]
[Site "Nordrheinwestfalen"]
[Date "2019.03.10"]
[Round "7.3"]
[White "Boehm, Ingo"]
[Black "Foerster, Wolfgang"]
[Result "1-0"]
[WhiteElo "2035"]
[BlackElo "1953"]
[PlyCount "143"]
[EventDate "2018.09.23"]
[EventType "team-tourn"]
[EventRounds "9"]
[EventCountry "GER"]
[SourceTitle "EXT 2022"]
[Source "ChessBase"]
[SourceDate "2021.10.06"]
[SourceVersion "1"]
[SourceVersionDate "2021.10.06"]
[SourceQuality "1"]
[WhiteTeam "Bochum-Linden"]
[BlackTeam "Sodingen/Castrop SK II"]
[WhiteTeamCountry "GER"]
[BlackTeamCountry "GER"]

1. e4 c5 2. Nf3 e6 3. d4 cxd4 4. Nxd4 Bc5 5. Nc3 Qb6 6. Na4 Qa5+ 7. c3 Bxd4 8. Qxd4 Nf6 9. Nc5 Nc6 10. Qd6 b6 11. Nb3 Qe5 12. Qxe5 Nxe5 13. f3 d5 14. exd5 Nxd5 15. Bd2 0-0 16. Be2 Bb7 17. f4 Ng6 18. 0-0 Rad8 19. a4 Nf6 20. a5 Nh4 21. axb6 axb6 22. g3 Nf5 23. g4 Ne4 24. Bc1 Nfd6 25. Be3 Bd5 26. Nd4 Ra8 27. Nb5 Nc4 28. Bd4 Nxb2 29. Bxb6 Rab8 30. Bd4 Nc4 31. Rfb1 Ra8 32. Nc7 Rxa1 33. Rxa1 Rc8 34. Nxd5 exd5 35. Ra7 f6 36. Rd7 Ncd6 37. g5 Rc6 38. Bg4 Kf8 39. Be6 Nxc3 40. Bxc3 Rxc3 41. gxf6 gxf6 42. Rxd6 Ke7 43. Ra6 d4 44. f5 h5 45. Ra5 Rd3 46. Rd5 h4 47. Kg2 Kf8 48. Rd7 h3+ 49. Kf2 Ke8 50. Rh7 Re3 51. Rh4 Rd3 52. Ke1 Ke7 53. Bc4 Rf3 54. Rh5 Kd6 55. Bf1 Ke5 56. Bxh3 Ra3 57. Bg4 Kf4 58. Bd1 Ra2 59. Be2 Ra1+ 60. Kd2 Ke4 61. Bd3+ Kf4 62. Rh4+ Ke5 63. Re4+ Kd5 64. Re6 Ra2+ 65. Bc2 Ra3 66. Be4+ Kc5 67. Rc6+ Kb5 68. Rxf6 Rh3 69. Rd6 Kc5 70. Rc6+ Kb5 71. Rc1 Re3 72. Bd3+ 1-0